MARC

LEADER 00000nam0a2200000 4500
001 42623
005 20231101210749.0
010 |a 5945690155 
035 |a (RuTPU)RU\TPU\book\43958 
090 |a 42623 
100 |a 20020912d2002 m y0rusy50 ca 
101 0 |a rus 
102 |a RU 
105 |a y j 000zy 
200 1 |a Курс высшей математики  |e учебник  |f В. С. Шипачев 
205 |a 2-е изд., перераб. 
210 |a Москва  |c Проспект  |d 2002 
215 |a 600 с. 
451 1 |0 (RuTPU)RU\TPU\book\148155  |y 978-5-488-00925-7  |t Курс высшей математики  |o учебник для вузов  |f В. С. Шипачев  |g под ред. А. Н. Тихонова  |e 3-е изд., испр.  |c Москва  |n Оникс  |d 2007  |p 600 с.  |a Шипачев, Виктор Семенович 
606 |a Математика высшая  |2 stltpush  |3 (RuTPU)RU\TPU\subj\3986  |9 32308 
610 1 |a функции одной переменной 
610 1 |a функции нескольких переменных 
610 1 |a пределы 
610 1 |a аналитическая геометрия 
610 1 |a дифференцирование 
610 1 |a дифференциальные исчисления 
610 1 |a интегрирование 
610 1 |a определенные интегралы 
610 1 |a непрерывность 
610 1 |a ряды 
610 1 |a дифференциальные уравнения 
610 1 |a учебники 
675 |a 51(075.8)  |v 3 
700 1 |a Шипачев  |b В. С.  |g Виктор Семенович 
702 1 |a Тихонов  |b А. Н.  |4 340 
801 1 |a RU  |b 63413507  |c 20020912  |g PSBO 
801 2 |a RU  |b 63413507  |c 20201127  |g PSBO 
942 |c BK